[Event "18th European Teams w"]
[Site "Porto Carras GRE"]
[Date "2011.11.09"]
[Round "7.4"]
[White "Milliet, S."]
[Black "Bojkovic, N."]
[Result "1-0"]
[WhiteElo "2386"]
[BlackElo "2396"]
[Annotator "Müller,Karsten"]
[PlyCount "87"]
[EventDate "2011.11.03"]
[EventType "team"]
[EventRounds "9"]
[EventCountry "GRE"]
[Source "Mark Crowther"]
[SourceDate "2011.11.14"]
[WhiteTeam "France"]
[BlackTeam "Serbia"]
[WhiteTeamCountry "FRA"]
[BlackTeamCountry "SRB"]

1. e4 c5 2. Nf3 e6 3. d4 cxd4 4. Nxd4 a6 5. Be2 Nf6 6. Nc3 Qc7 7. O-O Bb4 8.
Bg5 Bxc3 9. Bxf6 gxf6 10. bxc3 Qxc3 11. f4 Nc6 12. Nxc6 bxc6 13. Qd6 Qe3+ 14.
Rf2 Qb6 15. c4 Rb8 16. c5 Qa7 17. f5 Rb4 18. e5 Qb8 19. fxe6 Qxd6 20. exd6 dxe6
21. Rxf6 O-O 22. Raf1 e5 23. Bf3 Bd7 24. Bh5 Be6 25. Re1 e4 26. Rf4 Rc4 27.
Rexe4 Rxc5 28. Bg4 Rd8 29. Bxe6 fxe6 30. Rxe6 Rc1+ 31. Rf1 Rxf1+ 32. Kxf1 Rd7
33. Ke2 Kf7 34. Re7+ Rxe7+ 35. dxe7 Kxe7 36. Kd3 h5 37. Kc4 Kd6 38. g3 $2 {Now
Black's counterplay is in time.} (38. a4 $5 {gains time for the coming races:}
h4 39. a5 c5 40. g3 h3 41. g4 Ke5 42. Kxc5 Kf4 43. Kd4 $5 {This turn around is
neccessary as} (43. Kb6 $2 Kxg4 44. Kxa6 Kf3 45. Kb6 Kg2 46. a6 Kxh2 47. a7 Kg1
48. a8=Q h2 $11 {[%csl Gd1,Gd2,Gd3,Gd4,Ge4,Ge5,Gf5,Gg5,Gh5] is only drawn as
White's king is outside the winning zone.}) 43... Kxg4 44. Ke3 {[%csl Ge3,Ge4,
Gf3,Gg3] White's king has reached a key square.} Kf5 45. Kf3 Ke5 46. Kg3 Kd5 (
46... Ke4 47. Kxh3 Kf3 48. Kh4 Kf4 49. h3 Kf5 50. Kg3 Kg5 51. Kf3 $18 {is a
trivial win according to Bähr's rule, as White's pawn a5 has crossed the
middle of the board.}) 47. Kxh3 Kc5 48. Kg4 Kb5 49. h4 Kxa5 50. h5 Kb4 51. h6
a5 52. h7 a4 53. h8=Q $18) 38... Ke5 $1 39. h3 Ke4 40. Kc5 Kf3 $2 (40... a5 $1
{was forced:} 41. Kxc6 ({After} 41. a4 Kf3 42. g4 hxg4 43. hxg4 Kxg4 44. Kxc6
Kf5 {[%cal Gf5c8] Black's king is in time to block the access to the key
square b7:} 45. Kb5 Ke6 46. Kxa5 Kd7 47. Kb6 Kc8 $11) 41... a4 42. Kb5 a3 43.
Kb4 Kf3 44. Kxa3 (44. g4 hxg4 45. hxg4 Kxg4 46. Kxa3 Kf5 $11 {[%cal Gf5c8]})
44... Kxg3 45. Kb4 Kxh3 46. a4 h4 47. a5 Kg2 48. a6 h3 49. a7 h2 50. a8=Q+ Kg1
$11 {[%csl Gd1,Gd2,Gd3,Gd4,Ge4,Ge5,Gf5,Gg5,Gh5]}) 41. g4 hxg4 42. hxg4 Kxg4 43.
Kxc6 a5 (43... Kf5 44. Kb6 Ke6 45. Kxa6 Kd5 46. Kb6 Kc4 47. a4 Kb4 48. a5 $18)
44. Kb5 (44. Kb5 Kf5 45. Kxa5 Ke6 46. Kb6 Kd7 47. Kb7 $1 $18 {[%csl Gb7,Gb8]
[%cal Ga2a8]}) 1-0